000 00332 a2200133 4500
000 nam a22 7a 4500
100 _aKotler-i
110 _aKotler-i
245 _aEssentials of Modern Marketing
250 _aLatest edition
260 _bvikas Publishing House
_c2025
264 _bvikas Publishing House
_c2025
942 _cBK
999 _c396958
_d396958